Statistics for HAIM Charting Songs (Billboard Hot Rock)

Click here to take the quiz!

General Stats

  • This quiz has been taken 9 times
    (5 since last reset)
  • The average score is 10 of 14

Answer Stats

AlbumWeeks OnPeakArtist(s)Song% Correct
Something To Tell You11 Weeks#10HAIMWant You Back
100%
Women in Music Pt. III4 Weeks#9HAIMNow I'm In It
75%
Women in Music Pt. III2 Weeks#21HAIM ft. Taylor SwiftGasoline
75%
Days Are Gone17 Weeks#24HAIMForever
75%
Something To Tell You3 Weeks#24HAIMLittle Of Your Love
75%
Days Are Gone20 Weeks#25HAIMThe Wire
75%
Women in Music Pt. III2 Weeks#26HAIMDon't Wanna
75%
Women in Music Pt. III1 Week#27HAIMSummer Girl
75%
Women in Music Pt. III1 Week#29HAIMI Know Alone
75%
Days Are Gone1 Week#45HAIMFalling
75%
Women in Music Pt. III2 Weeks#24HAIMThe Steps
50%
Women in Music Pt. III1 Week#38HAIMHallelujah
50%
Days Are Gone1 Week#42HAIMIf I Could Change Your Mind
50%
Something To Tell You1 Week#44HAIMRight Now
25%

Score Distribution

Percentile by Number Answered

Percent of People with Each Score

Your Score History

You have not taken this quiz since the last reset